| Tag |
First Indicator |
Second Indicator |
Subfields |
| LEADER |
00000cam a2200000 a 4500 |
| 001 |
in00001402056 |
| 005 |
20230518200904.8 |
| 008 |
971125s1997 wau 101 0 eng d |
| 020 |
|
|
|a 0819425915
|
| 035 |
|
|
|a (OCoLC)38007336
|
| 035 |
|
|
|9 AHM6741AM
|
| 040 |
|
|
|a CUS
|c CUS
|d TXA
|d UtOrBLW
|
| 049 |
|
|
|a TXAM
|
| 090 |
|
|
|a QA403.3
|b .W836 1997
|
| 245 |
0 |
0 |
|a Wavelet applications in signal and image processing V :
|b 30 July-1 August 1997, San Diego, California /
|c Akram Aldroubi, Andrew F. Laine, Michael A. Unser, chairs/editors ; sponsored ... by SPIE--the International Society for Optical Engineering.
|
| 246 |
1 |
|
|a Wavelet applications in signal and image processing five
|
| 246 |
1 |
|
|a Wavelet applications in signal and image processing 5
|
| 264 |
|
1 |
|a Bellingham, Wash., USA :
|b SPIE,
|c [1997]
|
| 264 |
|
4 |
|c ©1997
|
| 300 |
|
|
|a x, 598 pages :
|b illustrations ;
|c 28 cm.
|
| 336 |
|
|
|a text
|b txt
|2 rdacontent
|
| 337 |
|
|
|a unmediated
|b n
|2 rdamedia
|
| 338 |
|
|
|a volume
|b nc
|2 rdacarrier
|
| 490 |
1 |
|
|a Proceedings / SPIE--the international society for optical engineering ;
|v v. 3169
|
| 504 |
|
|
|a Includes bibliographical references and index.
|
| 650 |
|
0 |
|a Signal processing
|x Mathematics
|v Congresses.
|
| 650 |
|
0 |
|a Image processing
|x Mathematics
|v Congresses.
|
| 650 |
|
0 |
|a Wavelets (Mathematics)
|v Congresses.
|
| 700 |
1 |
|
|a Aldroubi, Akram.
|
| 700 |
1 |
|
|a Laine, Andrew.
|
| 700 |
1 |
|
|a Unser, Michael A.
|
| 710 |
2 |
|
|a Society of Photo-optical Instrumentation Engineers.
|
| 830 |
|
0 |
|a Proceedings of SPIE--the International Society for Optical Engineering ;
|v v. 3169.
|
| 856 |
4 |
1 |
|u https://www.spiedigitallibrary.org/conference-proceedings-of-SPIE/3169.toc
|t 0
|
| 999 |
|
|
|a MARS
|
| 999 |
f |
f |
|s b49396ed-53af-3641-a4cb-624e0599d18d
|i d09180bb-be4d-3600-8d69-70c85d12d9a0
|t 0
|
| 952 |
f |
f |
|p ric
|a Texas A&M University
|b Rellis Campus
|c Joint Library Facility
|d Remote Storage
|t 0
|e QA403.3 .W836 1997
|h Library of Congress classification
|i unmediated -- volume
|m A14822025358
|
| 998 |
f |
f |
|a QA403.3 .W836 1997
|t 0
|l Remote Storage
|